000
00222 a2200097 4500
001
31494
100
_a
Mcgehee, Brad
245
_a
Using Microsoft SQL Server 7.0
260
_a
New Delhi
_b
PHI
_c
1999
090
_c
21367
_d
21367
942
_a
NUST-CAE
_c
M
_c
12633
999
_c
266567
_d
266567